000
00334nam a2200145Ia 4500
008
221030s9999 xx 000 0 und d
041
_a
English
082
_a
105.23
_b
Raj
100
_a
R. K. Rajput
245
0
_a
Thermal Engineering
260
_b
Laxmi Pub.
_a
New Delhi
_c
1999
300
_a
1671
650
_a
Mechanical
942
_c
BK
999
_c
1643
_d
1643